| 000 | 00844cam a22002655a 4500 | ||
|---|---|---|---|
| 001 | 017419038 | ||
| 003 | OSt | ||
| 005 | 20160302121238.0 | ||
| 008 | 150318s2011 nyu frb 001 0 eng d | ||
| 020 | _a9781137540744 (pbk.) | ||
| 040 |
_aStDuBDS _beng _cStDuBDS _dEG-ScBUE |
||
| 082 | 0 | 4 |
_a340.59 _bDAW _222 |
| 100 | 1 |
_aAl-Dawoody, Ahmed, _d1973- _939462 |
|
| 245 | 1 | 4 |
_aThe Islamic law of war : _bjustifications and regulations / _cAhmed Al-Dawoody. |
| 260 |
_aNew York : _bPalgrave Macmillan, _c2011. |
||
| 300 |
_ax, 338 p. ; _c22 cm. |
||
| 490 | 0 | _aPalgrave series in Islamic theology, law, and history | |
| 500 | _aOriginally published : 2011. | ||
| 500 | _aIndex : p. [327]-338. | ||
| 504 | _aBibliography : p. [205]-325. | ||
| 650 | 0 |
_aWar (Islamic law) _2BUEsh |
|
| 651 | _2BUEsh | ||
| 653 |
_bLLAAWW _cFebruary2016 |
||
| 942 | _2ddc | ||
| 999 |
_c21282 _d21254 |
||